| 000 -LEADER |
| fixed length control field |
00300nam a22001097a 4500 |
| 008 - FIXED-LENGTH DATA ELEMENTS--GENERAL INFORMATION |
| fixed length control field |
250123b ||||| |||| 00| 0 eng d |
| 020 ## - INTERNATIONAL STANDARD BOOK NUMBER |
| International Standard Book Number |
9780448483573 |
| 082 ## - DEWEY DECIMAL CLASSIFICATION NUMBER |
| Classification number |
979 OCO |
| 100 ## - MAIN ENTRY--PERSONAL NAME |
| Personal name |
JIM O'CONNOR |
| Relator term |
O'CONNOR,JIM |
| 245 ## - TITLE STATEMENT |
| Title |
WHERE IS THE GRAND CANYON? |
| 942 ## - ADDED ENTRY ELEMENTS (KOHA) |
| Source of classification or shelving scheme |
|
| Classification part |
979 OCO |